Designing geodatabases : (Record no. 12503)
[ view plain ]
| 000 -LEADER | |
|---|---|
| fixed length control field | 00609pam a22001934a 4500 |
| 020 ## - INTERNATIONAL STANDARD BOOK NUMBER | |
| ISBN | 158948021X (pbk. : alk. paper) |
| 040 ## - CATALOGING SOURCE | |
| Transcribing agency | DLC |
| 082 ## - DEWEY DECIMAL CLASSIFICATION NUMBER | |
| Classification number | 910 ESR 2004 A100 Or. |
| 100 1# - MAIN ENTRY--AUTHOR NAME | |
| Personal name | Arctur, David, |
| 245 10 - TITLE STATEMENT | |
| Title | Designing geodatabases : |
| Remainder of title | case studies in GIS data modeling / |
| 260 ## - PUBLICATION, DISTRIBUTION, ETC. (IMPRINT) | |
| Place of publication | Redlands, Calif. : |
| Name of publisher | ESRI Press, |
| Year of publication | c2004 |
| 300 ## - PHYSICAL DESCRIPTION | |
| Number of Pages | xiii, 393 p. : |
| Other physical details | col. ill., col. map ; |
| Dimensions | 23 cm |
| 650 #0 - SUBJECT ADDED ENTRY--TOPICAL TERM | |
| Topical Term | Geographic information systems |
| 650 #0 - SUBJECT ADDED ENTRY--TOPICAL TERM | |
| Topical Term | Information storage and retrieval systems |
| 650 #0 - SUBJECT ADDED ENTRY--TOPICAL TERM | |
| Topical Term | Database design |
| 650 #0 - SUBJECT ADDED ENTRY--TOPICAL TERM | |
| Topical Term | Database management |
| 700 1# - ADDED ENTRY--PERSONAL NAME | |
| Personal name | Zeiler, Michael |
| 942 ## - ADDED ENTRY ELEMENTS (KOHA) | |
| Koha item type | សៀវភៅភាសាអង់គ្លេស |
| 952 ## - LOCATION AND ITEM INFORMATION (KOHA) | |
| Withdrawn status [LOCAL, KOHA] | 0 |
| Permanent Location | Date acquired | Koha item type | Lost status | Shelving location | Barcode | Current Location | Full call number |
|---|---|---|---|---|---|---|---|
| Library Block A | 2017-08-20 | សៀវភៅភាសាអង់គ្លេស | A100 | A16753 | Library Block A | 910 ESR 2004 A100 Co. |